| 000 | 00888nam a2200241 4500 | ||
|---|---|---|---|
| 999 |
_c65558 _d65558 |
||
| 005 | 20240530110831.0 | ||
| 008 | 190915s2008 ua a f b 000 0 ara d | ||
| 017 |
_a2008/4877 _bمصر. دار الكتب |
||
| 020 | _a9772087405 | ||
| 040 |
_aEG-CaGPL _cEG-CaGPL |
||
| 082 | 0 | 4 |
_221 _a305.9062/ _bق/م ط |
| 100 | 0 | _aماجد عزت اسرائيل | |
| 245 | 1 | 0 |
_aطوائف المهن التجارية فى مصر في الفترة من (1840-1914م) / _cتاليف ماجد عزت اسرائيل |
| 250 | _aط.1 | ||
| 260 |
_aالقاهرة : _bمكتبة مدبولى، _c2008 . |
||
| 300 |
_a324 ص. ؛ _c24سم + _eملاحق. |
||
| 504 | _aيشتمل على ارجاعات ببليوجرافية | ||
| 650 | 0 | 7 |
_2qrmak _aالتجارة _xمهنة |
| 650 | 0 | 7 |
_2qrmak _aالسماسرة |
| 651 | _2qrmak | ||
| 942 |
_2ddc _cBK |
||